000 00347 a2200157 4500
001 75595
020 _a9788502102026
040 _cAnchieta - Colégio São Paulo
100 _aSmole, Kátia Cristina Stocco
240 1 0 _aMatemática:
_lpor
245 1 0 _aMatemática:
300 _a448
362 0 _a2010
650 4 _aMatemática
942 _cBK
999 _c75595
_d75595